我不好意思拒絕
| 資料類型: | 圖書 | 書目號: | 32478 |
Leader xxxxxxxxxx 001 __ PCLIS00032478 005 __ 20030430160820.20 010 0_ |a957-|b平裝|dNT$34 020 __ |acw|b82005151 100 __ |a20030430d2003 0chib0109 e 101 0_ |achi 102 __ |acw 105 __ |aa z 000yy 200 1_ |a我不好意思拒絕|e|f史密斯著|g 205 __ |a初版 210 __ |a臺北市|c南京出版|d民66年 215 0_ |a1冊|c圖, 表|d21公分 225 1_ |a|v 300 __ |a 681 __ |a856|b 700 __ |a史|b密斯|4著 702 _1 |a|b|4 801 __ |acw|b本館|c20030430 |